[Event "FIDE Open World Blitz 2021"]
[Site "Warsaw"]
[Date "2021.12.30"]
[Round "14.13"]
[White "Bologan, Victor"]
[Black "Halkias, Stelios"]
[Result "1-0"]
[WhiteElo "2574"]
[BlackElo "2575"]
[Annotator "ChessBase"]
[PlyCount "115"]
[EventDate "2021.12.29"]
[EventType "swiss"]
[EventCountry "POL"]
[Tiebreak "Cut1 Buchholz"]
[SourceTitle "playchess.com"]
[Source "ChessBase"]
[SourceQuality "1"]

1. e4 c5 2. Nf3 d6 3. Bb5+ Nd7 4. c3 Ngf6 5. Bd3 a6 6. Bc2 c4 7. b3 b5 8. Qe2
Qc7 9. O-O Bb7 10. bxc4 bxc4 11. Na3 Rc8 12. Rb1 Nc5 13. e5 Bxf3 14. Qxf3 dxe5
15. Nxc4 e4 16. Qg3 Qxg3 17. hxg3 e6 18. Ba3 Be7 19. Rfe1 O-O 20. Nb6 Rc7 21.
f3 Rd8 22. Re2 e3 23. d4 Nb7 24. Bxe7 Rxe7 25. Rxe3 Rc7 26. Kf2 Nd6 27. a4 a5
28. Ke2 Rb8 29. Re5 Rcb7 30. Rxa5 Rxb6 31. Rxb6 Rxb6 32. Ra8+ Nfe8 33. c4 Rb2
34. Kd3 Kf8 35. a5 Ra2 36. Bb3 Ra1 37. Kc3 Ke7 38. Kb2 Rd1 39. Ra7+ Kd8 40. a6
Nc7 41. c5 Ndb5 42. Rb7 Nxd4 43. Bxd1 Nxa6 44. Rxf7 Nxc5 45. Rxg7 Nf5 46. Rxh7
Nd3+ 47. Kc3 Ne5 48. g4 Ne3 49. Bb3 Nxg2 50. Bxe6 Nf4 51. Bf5 Nxf3 52. Kc4 Ke8
53. Kc5 Kf8 54. Kd6 Kg8 55. Ra7 Ng5 56. Ke5 Nfh3 57. Kf6 Nf7 58. Ra8+ 1-0

[Event "FIDE Open World Blitz 2021"]
[Site "Warsaw"]
[Date "2021.12.30"]
[Round "14.14"]
[White "Onyshchuk, Volodymyr"]
[Black "Petrosian, Tigran L."]
[Result "1-0"]
[WhiteElo "2622"]
[BlackElo "2602"]
[Annotator "ChessBase"]
[PlyCount "113"]
[EventDate "2021.12.29"]
[EventType "swiss"]
[EventCountry "POL"]
[Tiebreak "Cut1 Buchholz"]
[SourceTitle "playchess.com"]
[Source "ChessBase"]
[SourceQuality "1"]

1. e4 g6 2. d4 Bg7 3. Nc3 d6 4. f4 Nf6 5. Nf3 O-O 6. e5 dxe5 7. dxe5 Qxd1+ 8.
Nxd1 Nh5 9. Nf2 f6 10. Bc4+ Kh8 11. O-O Nc6 12. exf6 Nxf6 13. c3 Na5 14. Be2
Be6 15. g3 Rad8 16. Re1 Bd5 17. Ne5 Nd7 18. Nfg4 Nxe5 19. Nxe5 Nc6 20. Nxc6
Bxc6 21. Be3 e5 22. Rad1 a6 23. Bf1 Kg8 24. Bc4+ Kh8 25. Rxd8 Rxd8 26. fxe5 Bf8
27. e6 Re8 28. Bd4+ Bg7 29. Rf1 Bb5 30. Bxg7+ Kxg7 31. Rf7+ Kh6 32. Bb3 Rd8 33.
Rxc7 Rd2 34. Rxb7 Kg5 35. Rf7 a5 36. Rf4 Rxb2 37. h4+ Kh6 38. Rf2 Rb1+ 39. Kh2
Bc6 40. g4 g5 41. Rf6+ Kg7 42. hxg5 a4 43. Bc4 Rc1 44. e7 Bd7 45. Be6 Bc6 46.
Bf5 Bb5 47. Rb6 Be8 48. Rh6 Re1 49. Rxh7+ Kg8 50. Kg3 Re3+ 51. Kf4 Rxc3 52. g6
Rc6 53. Kg5 a3 54. g7 Bg6 55. e8=Q+ Bxe8 56. Rh8+ Kxg7 57. Rxe8 1-0

[Event "FIDE Open World Blitz 2021"]
[Site "Warsaw"]
[Date "2021.12.30"]
[Round "14.14"]
[White "Gumularz, Szymon"]
[Black "Najer, Evgeniy"]
[Result "0-1"]
[WhiteElo "2396"]
[BlackElo "2654"]
[Annotator "ChessBase"]
[PlyCount "102"]
[EventDate "2021.12.29"]
[EventType "swiss"]
[EventCountry "POL"]
[Tiebreak "Cut1 Buchholz"]
[SourceTitle "playchess.com"]
[Source "ChessBase"]
[SourceQuality "1"]

1. e4 e5 2. Nf3 Nc6 3. d4 exd4 4. Nxd4 Nf6 5. Nxc6 bxc6 6. e5 Qe7 7. Qe2 Nd5 8.
h4 a5 9. c4 Nb6 10. h5 Ba6 11. b3 Qe6 12. g3 Bb4+ 13. Bd2 O-O 14. Bh3 Qe7 15.
h6 g6 16. O-O Rae8 17. f4 f6 18. Bxb4 axb4 19. a3 Bc8 20. axb4 Qxb4 21. Nd2 d5
22. Bxc8 Nxc8 23. cxd5 cxd5 24. Qd3 Qc5+ 25. Kg2 fxe5 26. Rac1 Qd6 27. fxe5
Qxe5 28. Rxf8+ Rxf8 29. Nf3 Qe6 30. Rxc7 Ne7 31. Qc3 Rf6 32. Qe5 Qxe5 33. Nxe5
Re6 34. Nd3 Nf5 35. Nf4 Rd6 36. Rc8+ Kf7 37. Rc7+ Kg8 38. Rc8+ Kf7 39. Rh8 Kf6
40. Rxh7 Kg5 41. Nh3+ Kg4 42. Rh8 Re6 43. Nf2+ Kg5 44. Nh3+ Kg4 45. h7 Re7 46.
Rg8 Ne3+ 47. Kh2 Rxh7 48. Rxg6+ Kf5 49. Rg5+ Ke4 50. g4 Kf3 51. Rh5 Nxg4+ 0-1

[Event "FIDE Open World Blitz 2021"]
[Site "Warsaw"]
[Date "2021.12.30"]
[Round "14.15"]
[White "Oparin, Grigoriy"]
[Black "Gelfand, Boris"]
[Result "1-0"]
[WhiteElo "2580"]
[BlackElo "2674"]
[Annotator "ChessBase"]
[PlyCount "45"]
[EventDate "2021.12.29"]
[EventType "swiss"]
[EventCountry "POL"]
[Tiebreak "Cut1 Buchholz"]
[SourceTitle "playchess.com"]
[Source "ChessBase"]
[SourceQuality "1"]

1. Nf3 c5 2. c4 Nf6 3. Nc3 Nc6 4. d4 cxd4 5. Nxd4 e6 6. e4 Bb4 7. Nxc6 bxc6 8.
Bd3 e5 9. O-O O-O 10. h3 Bxc3 11. bxc3 d6 12. f4 exf4 13. Bxf4 Re8 14. Qf3 Be6
15. Kh1 Qe7 16. Bg5 h6 17. Bh4 Kh8 18. c5 Bd7 19. Rae1 Qe5 20. cxd6 Re6 21. Bg3
Qh5 22. e5 Qxf3 23. Rxf3 1-0

[Event "FIDE Open World Blitz 2021"]
[Site "Warsaw"]
[Date "2021.12.30"]
[Round "14.15"]
[White "Szpar, Milosz"]
[Black "Ponkratov, Pavel"]
[Result "0-1"]
[WhiteElo "2285"]
[BlackElo "2662"]
[Annotator "ChessBase"]
[PlyCount "104"]
[EventDate "2021.12.29"]
[EventType "swiss"]
[EventCountry "POL"]
[Tiebreak "Cut1 Buchholz"]
[SourceTitle "playchess.com"]
[Source "ChessBase"]
[SourceQuality "1"]

1. e4 c5 2. Nf3 b6 3. d4 cxd4 4. Nxd4 Bb7 5. Bg5 Bxe4 6. Nc3 Bb7 7. Bc4 Qc8 8.
Qe2 Nf6 9. Ndb5 e6 10. Bf4 Na6 11. O-O-O Be7 12. Nd6+ Bxd6 13. Bxd6 Nc5 14. Nb5
Nce4 15. Nc7+ Kd8 16. Be5 d5 17. Nxa8 Bxa8 18. g4 Ke7 19. Bb3 Rg8 20. h4 Nd7
21. Bd4 Ndc5 22. Rhe1 a5 23. f3 a4 24. fxe4 axb3 25. Bxc5+ Qxc5 26. axb3 dxe4
27. Qa6 Rc8 28. Re2 Bd5 29. Qa3 b5 30. Qxc5+ Rxc5 31. Kd2 f6 32. Ke3 g6 33. Ra1
f5 34. Ra7+ Kd6 35. Rxh7 Ke5 36. Rg7 f4+ 37. Kd2 e3+ 38. Ke1 Be4 39. h5 gxh5
40. Rg5+ Kd6 41. Rxc5 Kxc5 42. gxh5 Kd4 43. h6 f3 44. Rh2 Bh7 45. Rh4+ Ke5 46.
c3 Kf5 47. Rh5+ Kg4 48. Rxb5 f2+ 49. Ke2 Bd3+ 50. Kxe3 f1=Q 51. Re5 Qf4+ 52.
Kxd3 Qxe5 0-1

[Event "FIDE Open World Blitz 2021"]
[Site "Warsaw"]
[Date "2021.12.30"]
[Round "14.16"]
[White "Vidit, Santosh Gujrathi"]
[Black "Murzin, Volodar"]
[Result "1-0"]
[WhiteElo "2727"]
[BlackElo "2519"]
[Annotator "ChessBase"]
[PlyCount "81"]
[EventDate "2021.12.29"]
[EventType "swiss"]
[EventCountry "POL"]
[Tiebreak "Cut1 Buchholz"]
[SourceTitle "playchess.com"]
[Source "ChessBase"]
[SourceQuality "1"]

1. d4 Nf6 2. c4 g6 3. Nc3 Bg7 4. g3 O-O 5. Bg2 d6 6. Nf3 Nbd7 7. O-O e5 8. e4
a6 9. h3 b5 10. dxe5 dxe5 11. Qc2 c6 12. Be3 Qe7 13. Rac1 Bb7 14. c5 a5 15.
Rfd1 Rfd8 16. Ne2 Nf8 17. a3 b4 18. Rxd8 Rxd8 19. axb4 axb4 20. Qc4 b3 21. Nd2
Ne6 22. Nxb3 Qc7 23. Ra1 Nd7 24. Qb4 Rb8 25. Qc3 Qc8 26. Ra7 Ba6 27. Bf1 Bb5
28. Na5 Bxe2 29. Bxe2 Nd4 30. Bf1 Nf6 31. Qc4 Qe8 32. Bxd4 exd4 33. Nxc6 Rxb2
34. e5 Ne4 35. Re7 Qf8 36. e6 Nd2 37. exf7+ Kh8 38. Qe6 Nf3+ 39. Kg2 Ng5 40.
Qd7 Nxf7 41. Re8 1-0

[Event "FIDE Open World Blitz 2021"]
[Site "Warsaw"]
[Date "2021.12.30"]
[Round "14.16"]
[White "Thybo, Jesper Sondergaard"]
[Black "Shoker, Samy"]
[Result "1-0"]
[WhiteElo "2195"]
[BlackElo "2504"]
[Annotator "ChessBase"]
[PlyCount "123"]
[EventDate "2021.12.29"]
[EventType "swiss"]
[EventCountry "POL"]
[Tiebreak "Cut1 Buchholz"]
[SourceTitle "playchess.com"]
[Source "ChessBase"]
[SourceQuality "1"]

1. d4 g6 2. c4 Bg7 3. e4 Nc6 4. d5 Nd4 5. Ne2 c5 6. Nxd4 Bxd4 7. Bd3 d6 8. O-O
Nf6 9. Nc3 O-O 10. Nb5 e5 11. Nxd4 cxd4 12. Bg5 Kg7 13. Qd2 Rh8 14. f4 h6 15.
fxe5 hxg5 16. exf6+ Kf8 17. Qxg5 Rh5 18. Qf4 Qb6 19. Rf2 Bd7 20. Re1 Re8 21. h3
Ree5 22. Be2 Rh8 23. Bg4 Be8 24. Rc1 g5 25. c5 Qc7 26. cxd6 Qxd6 27. Qg3 Rxd5
28. Qxd6+ Rxd6 29. Rc8 Rc6 30. Rb8 Rd6 31. e5 Rd5 32. e6 fxe6 33. f7 Ke7 34.
fxe8=Q+ Rxe8 35. Rxe8+ Kxe8 36. Bxe6 Re5 37. Bc4 Rc5 38. Bd3 Ke7 39. Rf5 Rc1+
40. Kf2 Rd1 41. Ke2 Ra1 42. Rxg5 Rxa2 43. Rg7+ Kf6 44. Rxb7 a5 45. Kf3 a4 46.
g4 a3 47. bxa3 Rxa3 48. Ke4 Kg5 49. Rh7 Ra8 50. Rh5+ Kf6 51. Kxd4 Rd8+ 52. Ke3
Re8+ 53. Be4 Rb8 54. Kf4 Rb4 55. Rh6+ Kg7 56. Rc6 Ra4 57. h4 Ra1 58. h5 Rf1+
59. Kg5 Rf7 60. Rb6 Re7 61. Rb7 Kh8 62. Rxe7 1-0

[Event "FIDE Open World Blitz 2021"]
[Site "Warsaw"]
[Date "2021.12.30"]
[Round "14.17"]
[White "Nguyen, Thai Dai Van"]
[Black "Schneider, Ilja"]
[Result "0-1"]
[WhiteElo "2594"]
[BlackElo "2486"]
[Annotator "ChessBase"]
[PlyCount "104"]
[EventDate "2021.12.29"]
[EventType "swiss"]
[EventCountry "POL"]
[Tiebreak "Cut1 Buchholz"]
[SourceTitle "playchess.com"]
[Source "ChessBase"]
[SourceQuality "1"]

1. d4 d5 2. c4 c6 3. Nf3 Nf6 4. Nc3 a6 5. c5 Nbd7 6. Bf4 Nh5 7. Bd2 Nhf6 8. Bf4
Nh5 9. Bd2 g6 10. e4 dxe4 11. Nxe4 Ndf6 12. Nxf6+ Nxf6 13. Bc4 Bg7 14. O-O O-O
15. h3 Bf5 16. Qb3 Be4 17. Ne5 Qxd4 18. Bc3 Qxc5 19. Bxf7+ Kh8 20. Qxb7 Rfb8
21. Qc7 Rc8 22. Qa5 Qxa5 23. Bxa5 Nd5 24. Rfe1 Bxe5 25. Rxe4 Bxb2 26. Rd1 Bf6
27. g3 Kg7 28. Be6 Rcb8 29. Bxd5 cxd5 30. Rxd5 Rb5 31. Rxb5 axb5 32. Bb4 Rxa2
33. Bxe7 Ra4 34. Bxf6+ Kxf6 35. Re8 b4 36. Kg2 Kf7 37. Rb8 Ke6 38. Rb5 Kd6 39.
Kf3 Kc6 40. Rb8 Kd5 41. Kg4 b3+ 42. f4 Kc4 43. Kg5 Rb4 44. Rc8+ Kd3 45. Rd8+
Ke2 46. Re8+ Kf2 47. Rd8 b2 48. Rd1 b1=Q 49. Rxb1 Rxb1 50. g4 Kg3 51. f5 gxf5
52. gxf5 Kxh3 0-1

[Event "FIDE Open World Blitz 2021"]
[Site "Warsaw"]
[Date "2021.12.30"]
[Round "14.17"]
[White "Muradli, Mahammad"]
[Black "Matlakov, Maxim"]
[Result "1-0"]
[WhiteElo "2571"]
[BlackElo "2614"]
[Annotator "ChessBase"]
[PlyCount "91"]
[EventDate "2021.12.29"]
[EventType "swiss"]
[EventCountry "POL"]
[Tiebreak "Cut1 Buchholz"]
[SourceTitle "playchess.com"]
[Source "ChessBase"]
[SourceQuality "1"]

1. c4 e5 2. d3 Nf6 3. Nf3 Nc6 4. a3 g6 5. Nc3 Bg7 6. Bg5 h6 7. Bxf6 Bxf6 8. g3
d6 9. Bg2 Bg7 10. O-O O-O 11. Rb1 a5 12. Nd2 Bg4 13. Re1 Qd7 14. Qa4 Be6 15. e3
f5 16. Bd5 Kh7 17. Qb5 Rab8 18. b4 axb4 19. axb4 Ne7 20. Qxd7 Bxd7 21. Bg2 c6
22. Nb3 Kg8 23. Red1 Kf7 24. b5 Ra8 25. e4 Ra3 26. c5 Be6 27. cxd6 Bxb3 28.
dxe7 Kxe7 29. Rdc1 Rd8 30. exf5 gxf5 31. bxc6 bxc6 32. Bf1 Be6 33. Nd1 Ra7 34.
Rxc6 Bd5 35. Rcb6 Kf7 36. Ne3 Be6 37. Bh3 Rxd3 38. Bxf5 Bxf5 39. Nxf5 Bf8 40.
Nxh6+ Kg7 41. Nf5+ Kf7 42. Nh6+ Kg7 43. Ng4 e4 44. Rb7+ Rxb7 45. Rxb7+ Kh8 46.
Nf6 1-0

[Event "FIDE Open World Blitz 2021"]
[Site "Warsaw"]
[Date "2021.12.30"]
[Round "14.18"]
[White "Ter-Sahakyan, Samvel"]
[Black "Michalik, Peter"]
[Result "1/2-1/2"]
[WhiteElo "2565"]
[BlackElo "2605"]
[Annotator "ChessBase"]
[PlyCount "50"]
[EventDate "2021.12.29"]
[EventType "swiss"]
[EventCountry "POL"]
[Tiebreak "Cut1 Buchholz"]
[SourceTitle "playchess.com"]
[Source "ChessBase"]
[SourceQuality "1"]

1. e4 e5 2. Nf3 Nc6 3. Bb5 a6 4. Ba4 Nf6 5. O-O Be7 6. Re1 b5 7. Bb3 O-O 8. a4
Bb7 9. d3 d6 10. Nbd2 Nd7 11. c3 Nc5 12. axb5 axb5 13. Rxa8 Qxa8 14. Bc2 b4 15.
d4 bxc3 16. bxc3 Nd7 17. Nf1 Qa1 18. Qd2 Bf6 19. Rd1 Qa2 20. Ne3 Na5 21. Ng4
Nb3 22. Bxb3 Qxb3 23. dxe5 Bxe5 24. Nfxe5 Nxe5 25. Nxe5 dxe5 1/2-1/2

[Event "FIDE Open World Blitz 2021"]
[Site "Warsaw"]
[Date "2021.12.30"]
[Round "14.18"]
[White "Janik, Igor"]
[Black "Dragnev, Valentin"]
[Result "0-1"]
[WhiteElo "2508"]
[BlackElo "2396"]
[Annotator "ChessBase"]
[PlyCount "94"]
[EventDate "2021.12.29"]
[EventType "swiss"]
[EventCountry "POL"]
[Tiebreak "Cut1 Buchholz"]
[SourceTitle "playchess.com"]
[Source "ChessBase"]
[SourceQuality "1"]

1. e4 d5 2. exd5 Qxd5 3. Nc3 Qa5 4. Bc4 Nf6 5. Nf3 Bf5 6. O-O e6 7. d4 c6 8. a3
Nbd7 9. Bf4 Be7 10. Re1 O-O 11. h3 h6 12. Qc1 Rfe8 13. b4 Qd8 14. g4 Bg6 15.
Bg3 b5 16. Bf1 a5 17. Rb1 axb4 18. axb4 Nd5 19. Nxd5 exd5 20. Qb2 Bf8 21. Rxe8
Qxe8 22. Re1 Qd8 23. c3 Be4 24. Nd2 Bh7 25. Nb3 Nf6 26. f3 Bd6 27. Be5 Bf8 28.
Na5 Ra6 29. Qd2 Ne8 30. Bg3 Nd6 31. Qe2 Nc4 32. Nb7 Qc8 33. Nc5 Ra8 34. h4 h5
35. Bh3 hxg4 36. Bxg4 Bf5 37. Kg2 Ra3 38. Qe8 Bxg4 39. fxg4 Qxg4 40. Qe2 Qxe2+
41. Rxe2 Bxc5 42. dxc5 Rxc3 43. Re8+ Kh7 44. Rc8 d4 45. Rxc6 d3 46. Rc7 d2 47.
Rd7 d1=Q 0-1

[Event "FIDE Open World Blitz 2021"]
[Site "Warsaw"]
[Date "2021.12.30"]
[Round "14.19"]
[White "Faizrakhmanov, Ramil"]
[Black "Indjic, Aleksandar"]
[Result "1/2-1/2"]
[WhiteElo "2396"]
[BlackElo "2603"]
[Annotator "ChessBase"]
[PlyCount "94"]
[EventDate "2021.12.29"]
[EventType "swiss"]
[EventCountry "POL"]
[Tiebreak "Cut1 Buchholz"]
[SourceTitle "playchess.com"]
[Source "ChessBase"]
[SourceQuality "1"]

1. d4 Nf6 2. c4 c5 3. d5 e6 4. Nc3 exd5 5. cxd5 d6 6. Nf3 g6 7. Bf4 Bg7 8. e3
O-O 9. h3 Ne8 10. a4 Nd7 11. Be2 Ne5 12. Nxe5 dxe5 13. Bh2 Nd6 14. O-O Bd7 15.
Nb5 Bxb5 16. axb5 Qb6 17. Qa4 f5 18. Qa5 Rfc8 19. Ra3 Qxa5 20. Rxa5 b6 21. Ra6
c4 22. Ra4 Rc5 23. Rb4 Rac8 24. Ra1 R8c7 25. f3 Rxb5 26. Rxb5 Nxb5 27. Bg3 Nd6
28. Ra6 Kf7 29. Be1 e4 30. Bg3 Ke7 31. fxe4 fxe4 32. Bxc4 Bxb2 33. Ba2 Bf6 34.
Kh2 h5 35. h4 Rb7 36. Bb1 Nf5 37. Bxe4 Rd7 38. d6+ Ke6 39. Bc6 Rd8 40. Rxa7
Nxg3 41. Kxg3 Kxd6 42. Be4 Re8 43. Kf3 Rf8 44. Ke2 Bxh4 45. Bxg6 Rf2+ 46. Kd3
Rxg2 47. Bxh5 Ke5 1/2-1/2

[Event "FIDE Open World Blitz 2021"]
[Site "Warsaw"]
[Date "2021.12.30"]
[Round "14.19"]
[White "Gdanski, Jacek"]
[Black "Bartel, Mateusz"]
[Result "0-1"]
[WhiteElo "2367"]
[BlackElo "2619"]
[Annotator "ChessBase"]
[PlyCount "122"]
[EventDate "2021.12.29"]
[EventType "swiss"]
[EventCountry "POL"]
[Tiebreak "Cut1 Buchholz"]
[SourceTitle "playchess.com"]
[Source "ChessBase"]
[SourceQuality "1"]

1. e4 Nf6 2. e5 Nd5 3. d4 d6 4. Nf3 dxe5 5. Nxe5 c6 6. Bc4 g6 7. O-O Nd7 8. Nf3
Bg7 9. Bb3 O-O 10. c4 Nc7 11. Nc3 b5 12. h3 bxc4 13. Bxc4 Nb6 14. Bb3 Be6 15.
Re1 Bxb3 16. Qxb3 e6 17. Bg5 Qc8 18. Rac1 Rb8 19. Ne4 Nbd5 20. Qc2 Nb5 21. Red1
Rb6 22. a3 Qb8 23. Nc5 Qd6 24. Qd2 Rfb8 25. Bh6 Nbc7 26. b4 Nb5 27. Ne4 Qf8 28.
Bxg7 Qxg7 29. Ra1 Rd8 30. Ne5 Nf6 31. Qf4 Nxe4 32. Qxe4 Nc3 33. Qf3 Nxd1 34.
Rxd1 Rd5 35. Rc1 Rxd4 36. Nxc6 Rd7 37. a4 Qb2 38. Qe3 Qf6 39. b5 Rbb7 40. Ne5
Rdc7 41. Rd1 h5 42. h4 Qxh4 43. Qf3 Qg5 44. Nc6 Rd7 45. Re1 Qd2 46. Re2 Qd1+
47. Kh2 Qd5 48. Qg3 Qd6 49. Ne5 Rdc7 50. Re3 Rc5 51. f4 Qe7 52. Qf3 Rbc7 53.
Qg3 Qf6 54. Nc6 R7xc6 55. bxc6 Rxc6 56. Re5 Rc4 57. Rxh5 Rxa4 58. Rh4 Ra5 59.
Qh3 Qxh4 60. Qxh4 Rh5 61. Qxh5 gxh5 0-1

[Event "FIDE Open World Blitz 2021"]
[Site "Warsaw"]
[Date "2021.12.30"]
[Round "14.20"]
[White "Predke, Alexandr"]
[Black "Korobov, Anton"]
[Result "0-1"]
[WhiteElo "2627"]
[BlackElo "2684"]
[Annotator "ChessBase"]
[PlyCount "88"]
[EventDate "2021.12.29"]
[EventType "swiss"]
[EventCountry "POL"]
[Tiebreak "Cut1 Buchholz"]
[SourceTitle "playchess.com"]
[Source "ChessBase"]
[SourceQuality "1"]

1. d4 d5 2. c4 e6 3. Nc3 c6 4. e4 dxe4 5. Nxe4 Bb4+ 6. Bd2 Qxd4 7. Bxb4 Qxe4+
8. Be2 a5 9. Bc3 Ne7 10. Nf3 O-O 11. O-O f6 12. Bd3 Qf4 13. Qc2 h6 14. Rae1 Na6
15. Re4 Qc7 16. Rh4 e5 17. Re1 Nb4 18. Bh7+ Kh8 19. Qb1 Qb6 20. Rxe5 fxe5 21.
Rxh6 Rf6 22. Rh4 Be6 23. Bf5+ Kg8 24. Bxe6+ Rxe6 25. Qh7+ Kf8 26. Qh8+ Ng8 27.
Nxe5 Rd8 28. Rf4+ Rf6 29. Ng6+ Kf7 30. Ne5+ Ke6 31. Qh3+ Ke7 32. Ng6+ Rxg6 33.
Re4+ Kf8 34. Qf3+ Rf6 35. Bxf6 Nxf6 36. Rf4 Qc7 37. Rxf6+ gxf6 38. Qxf6+ Ke8
39. Qh8+ Kd7 40. Qh3+ Kd6 41. Qg3+ Kc5 42. Qe3+ Kxc4 43. Qe2+ Kc5 44. Qe3+ Kb5
0-1

[Event "FIDE Open World Blitz 2021"]
[Site "Warsaw"]
[Date "2021.12.30"]
[Round "14.20"]
[White "Zilka, Stepan"]
[Black "Vastrukhin, Oleg"]
[Result "1-0"]
[WhiteElo "2593"]
[BlackElo "2588"]
[Annotator "ChessBase"]
[PlyCount "93"]
[EventDate "2021.12.29"]
[EventType "swiss"]
[EventCountry "POL"]
[Tiebreak "Cut1 Buchholz"]
[SourceTitle "playchess.com"]
[Source "ChessBase"]
[SourceQuality "1"]

1. e4 e6 2. d4 d5 3. Nc3 Bb4 4. e5 c5 5. a3 Bxc3+ 6. bxc3 Nc6 7. h4 Bd7 8. h5
Qa5 9. Bd2 O-O-O 10. Qg4 Nge7 11. Nf3 Qa4 12. Bd3 c4 13. Be2 Nf5 14. Ra2 f6 15.
O-O fxe5 16. Nxe5 Nxe5 17. dxe5 Rdf8 18. Qg5 h6 19. Qg6 Qc6 20. a4 Rhg8 21. Qg4
g6 22. hxg6 Be8 23. Qh3 Rxg6 24. Kh1 Rfg8 25. g4 Ne7 26. Be3 d4+ 27. Bf3 dxe3
28. Bxc6 Bxc6+ 29. f3 Rxg4 30. Kh2 R4g6 31. Raa1 Nf5 32. Rg1 Rg3 33. Rxg3 Rxg3
34. Qxg3 Nxg3 35. Kxg3 a5 36. Kf4 e2 37. Ke3 Kc7 38. Kxe2 Kb6 39. Ke3 Kc5 40.
f4 Be8 41. f5 exf5 42. Kf4 Bd7 43. Rd1 Bxa4 44. e6 Bc6 45. e7 b5 46. Rd8 b4 47.
Rc8 1-0

[Event "FIDE Open World Blitz 2021"]
[Site "Warsaw"]
[Date "2021.12.30"]
[Round "14.21"]
[White "Nihal Sarin"]
[Black "Tang, Andrew"]
[Result "1-0"]
[WhiteElo "2650"]
[BlackElo "2588"]
[Annotator "ChessBase"]
[PlyCount "67"]
[EventDate "2021.12.29"]
[EventType "swiss"]
[EventCountry "POL"]
[Tiebreak "Cut1 Buchholz"]
[SourceTitle "playchess.com"]
[Source "ChessBase"]
[SourceQuality "1"]

1. e4 e5 2. Nf3 Nc6 3. Bb5 g6 4. c3 a6 5. Ba4 Bg7 6. d4 exd4 7. cxd4 b5 8. Bc2
d6 9. h3 Nf6 10. O-O O-O 11. Nc3 Bb7 12. Re1 Re8 13. a3 Na5 14. Bg5 h6 15. Bh4
Qd7 16. Qc1 Nh7 17. Bg3 c5 18. Rd1 cxd4 19. Nxd4 Rad8 20. b4 Nc4 21. a4 Nf6 22.
axb5 axb5 23. Ndxb5 Nxe4 24. Bxe4 Bxe4 25. Nxd6 Nxd6 26. Nxe4 Bxa1 27. Rxd6 Qa7
28. Qxh6 Bg7 29. Qh4 Rxd6 30. Nxd6 Re1+ 31. Kh2 Qa1 32. Bf4 Rh1+ 33. Kg3 Qc3+
34. Kg4 1-0

[Event "FIDE Open World Blitz 2021"]
[Site "Warsaw"]
[Date "2021.12.30"]
[Round "14.21"]
[White "Babazada, Khazar"]
[Black "Mikhalevski, Victor"]
[Result "0-1"]
[WhiteElo "2302"]
[BlackElo "2577"]
[Annotator "ChessBase"]
[PlyCount "102"]
[EventDate "2021.12.29"]
[EventType "swiss"]
[EventCountry "POL"]
[Tiebreak "Cut1 Buchholz"]
[SourceTitle "playchess.com"]
[Source "ChessBase"]
[SourceQuality "1"]

1. e4 e5 2. Nc3 Nf6 3. Nf3 Nc6 4. a3 g6 5. Bb5 Bg7 6. O-O O-O 7. d3 d6 8. h3 h6
9. Be3 Re8 10. Qd2 Kh7 11. Nh2 Bd7 12. Rae1 a6 13. Bc4 Be6 14. Bxe6 Rxe6 15. f4
exf4 16. Bxf4 d5 17. e5 Nh5 18. d4 Nxf4 19. Qxf4 f6 20. Qg4 f5 21. Qd1 Qd7 22.
Ne2 Nd8 23. Qd3 Rb6 24. b3 Ne6 25. g4 fxg4 26. Nxg4 Ng5 27. Nf4 Rf8 28. e6 Qe8
29. e7 Rf5 30. Kg2 Ne4 31. Nxd5 Rxd5 32. Qxe4 Rxd4 33. Qf3 Rd2+ 34. Re2 Rbd6
35. Rff2 Rxe2 36. Rxe2 h5 37. Nf2 Rd7 38. Qe4 Bf6 39. Qxb7 Rxe7 40. Ne4 Kg7 41.
Kf3 Qf7 42. Kg2 Bd4 43. Qc6 Qf5 44. c3 Be5 45. Qd5 Qf4 46. Rf2 Qh2+ 47. Kf1
Qh1+ 48. Ke2 Bg3 49. Qd4+ Kh7 50. Rf3 Qg2+ 51. Rf2 Rxe4+ 0-1

[Event "FIDE Open World Blitz 2021"]
[Site "Warsaw"]
[Date "2021.12.30"]
[Round "14.22"]
[White "Harikrishna, Pentala"]
[Black "Mamedov, Rauf"]
[Result "1/2-1/2"]
[WhiteElo "2614"]
[BlackElo "2673"]
[Annotator "ChessBase"]
[PlyCount "112"]
[EventDate "2021.12.29"]
[EventType "swiss"]
[EventCountry "POL"]
[Tiebreak "Cut1 Buchholz"]
[SourceTitle "playchess.com"]
[Source "ChessBase"]
[SourceQuality "1"]

1. e4 c5 2. Nf3 Nc6 3. Nc3 g6 4. d4 cxd4 5. Nxd4 Bg7 6. Be3 Nf6 7. Be2 O-O 8.
O-O d6 9. Kh1 Bd7 10. f4 Rc8 11. Bf3 a6 12. Re1 b5 13. a3 Nxd4 14. Bxd4 Rc4 15.
Bg1 Be6 16. Qd2 Qc8 17. Rac1 Re8 18. Nd1 Rd8 19. b3 Rc6 20. Ne3 Ng4 21. f5 Bc3
22. Qe2 Nxe3 23. fxe6 Bxe1 24. exf7+ Kf8 25. Bxe3 Bc3 26. Bg4 e6 27. Rf1 Bg7
28. Rf2 Rc7 29. Bb6 Rxf7 30. Bxd8 Qxd8 31. Bxe6 Rxf2 32. Qxf2+ Qf6 33. Qxf6+
Bxf6 34. Kg1 a5 35. a4 bxa4 36. bxa4 Ke7 37. Bg8 h6 38. Kf2 Bd4+ 39. Ke2 Kf6
40. Kd3 Bg1 41. h3 Ke5 42. Bh7 g5 43. Kc4 Bf2 44. Kb5 Be1 45. Kc4 Bf2 46. Bf5
h5 47. Bg6 h4 48. Bf5 Be3 49. c3 Bd2 50. Kd3 Be1 51. Bg6 Bf2 52. Ke2 Bg3 53.
Bh7 Kf6 54. Kd3 Ke5 55. Ke2 Kf6 56. Kd3 Ke5 1/2-1/2

[Event "FIDE Open World Blitz 2021"]
[Site "Warsaw"]
[Date "2021.12.30"]
[Round "14.22"]
[White "Berchtenbreiter, Maximilian"]
[Black "Klimkowski, Jan"]
[Result "1-0"]
[WhiteElo "2506"]
[BlackElo "2015"]
[Annotator "ChessBase"]
[PlyCount "55"]
[EventDate "2021.12.29"]
[EventType "swiss"]
[EventCountry "POL"]
[Tiebreak "Cut1 Buchholz"]
[SourceTitle "playchess.com"]
[Source "ChessBase"]
[SourceQuality "1"]

1. e4 c5 2. Nf3 d6 3. d4 cxd4 4. Nxd4 Nf6 5. Nc3 a6 6. Bg5 e6 7. Qe2 Be7 8. f4
Qc7 9. O-O-O Nbd7 10. g4 O-O 11. Bg2 Nb6 12. h4 e5 13. Nf5 Bxf5 14. exf5 Rfe8
15. fxe5 dxe5 16. Bxf6 Bxf6 17. g5 Be7 18. f6 Bf8 19. fxg7 Bxg7 20. Be4 Rad8
21. Qh5 Rd4 22. Qxh7+ Kf8 23. h5 Nc4 24. h6 Qb6 25. Qxg7+ Ke7 26. Qf6+ Qxf6 27.
Nd5+ Kf8 28. gxf6 1-0

[Event "FIDE Open World Blitz 2021"]
[Site "Warsaw"]
[Date "2021.12.30"]
[Round "14.23"]
[White "Mastrovasilis, Dimitrios"]
[Black "Fridman, Daniel"]
[Result "1-0"]
[WhiteElo "2577"]
[BlackElo "2626"]
[Annotator "ChessBase"]
[PlyCount "103"]
[EventDate "2021.12.29"]
[EventType "swiss"]
[EventCountry "POL"]
[Tiebreak "Cut1 Buchholz"]
[SourceTitle "playchess.com"]
[Source "ChessBase"]
[SourceQuality "1"]

1. e4 c6 2. d4 d5 3. Nd2 dxe4 4. Nxe4 Bf5 5. Qf3 e6 6. Ne2 h5 7. c3 h4 8. Nf4
Nd7 9. Bd3 Ngf6 10. Ng5 Bxd3 11. Nxd3 Bd6 12. O-O Qe7 13. Re1 O-O-O 14. Ne5
Rdf8 15. Nexf7 Rxf7 16. Rxe6 Qf8 17. Nxf7 Bxh2+ 18. Kxh2 Qxf7 19. Re2 h3 20. g3
Qg6 21. Bf4 Ng4+ 22. Kh1 Ndf6 23. Rae1 Rd8 24. Re6 Rd7 25. Rxc6+ Kd8 26. Rce6
Qd3 27. Qxd3 Nxf2+ 28. Kg1 Nxd3 29. R1e2 Rf7 30. Bg5 Kd7 31. Bxf6 gxf6 32. Kh2
Rh7 33. R6e3 Nc1 34. Rf2 Nxa2 35. Rxf6 Nc1 36. Ref3 Ke7 37. R6f4 Nb3 38. Re4+
Kd6 39. Rh4 Rg7 40. Rh6+ Kd5 41. Kxh3 Nd2 42. Rf5+ Kc4 43. g4 Ne4 44. Kh4 Kb3
45. Rb5+ Kc4 46. Re5 Nf2 47. g5 Nd3 48. Re2 Kb3 49. Rhe6 Nxb2 50. Re7 Rxe7 51.
Rxe7 Kxc3 52. g6 1-0